Guess the 1970s song lyrics #363 - Statistics

General Stats
  • This quiz has been taken 15 times
  • The average score is 129 of 202
Answer Stats
Answer % Correct
it
100%
an
85%
and
85%
to
85%
all
77%
down
77%
going
77%
it's
77%
we're
77%
We're
77%
be
69%
let
69%
what
69%
your
69%
get
62%
is
62%
out
62%
hang
54%
some
54%
about
46%
find
46%
shout
46%
After
38%
give
38%
midnight
38%
cause
31%
shake
31%
action
23%
exhibition
23%
satisfaction
23%
talk
23%
because
15%
cream
15%
peaches
15%
stimulate
15%
suspicion
15%
tambourine
15%
chug-a-lug
8%
goint
0%
No matching quizzes found
Score Distribution
Percent of People with Each Score
Percentile by Number Answered
Your Score History
You have not taken this quiz